[Event "Hessenliga 1819"]
[Site "Hessen"]
[Date "2019.02.17"]
[Round "6.5"]
[White "Stickler, Roberto"]
[Black "Kargoll, Herbert"]
[Result "1/2-1/2"]
[WhiteElo "2227"]
[BlackElo "2214"]
[PlyCount "37"]
[EventDate "2018.09.23"]
[EventType "team-tourn"]
[EventRounds "9"]
[EventCountry "GER"]
[SourceTitle "EXT 2020"]
[Source "ChessBase"]
[SourceDate "2019.10.17"]
[SourceVersion "1"]
[SourceVersionDate "2019.10.17"]
[SourceQuality "1"]
[WhiteTeam "Dettingen"]
[BlackTeam "Bensheim"]
[WhiteTeamCountry "GER"]
[BlackTeamCountry "GER"]

1. d4 e6 2. Nf3 Nf6 3. g3 b6 4. Bg2 Bb7 5. 0-0 c5 6. c4 cxd4 7. Nxd4 Bxg2 8. Kxg2 Qc8 9. b3 a6 10. Bb2 Nc6 11. Nc3 Qb7 12. Kg1 h5 13. Nxc6 Qxc6 14. Qd3 h4 15. Qf3 hxg3 16. hxg3 Qxf3 17. exf3 Rb8 18. Ne4 Nxe4 19. fxe4 1/2-1/2

[Event "Hessenliga 1819"]
[Site "Hessen"]
[Date "2019.02.03"]
[Round "5.4"]
[White "Rutkowski, Ingo"]
[Black "Kargoll, Herbert"]
[Result "1-0"]
[WhiteElo "2157"]
[BlackElo "2214"]
[PlyCount "47"]
[EventDate "2018.09.23"]
[EventType "team-tourn"]
[EventRounds "9"]
[EventCountry "GER"]
[SourceTitle "EXT 2020"]
[Source "ChessBase"]
[SourceDate "2019.10.17"]
[SourceVersion "1"]
[SourceVersionDate "2019.10.17"]
[SourceQuality "1"]
[WhiteTeam "Frankfurt TV"]
[BlackTeam "Bensheim"]
[WhiteTeamCountry "GER"]
[BlackTeamCountry "GER"]

1. e4 e5 2. Nf3 Nc6 3. Bb5 g6 4. Bxc6 dxc6 5. 0-0 Bg7 6. d3 Ne7 7. Be3 h6 8. Qc1 Bg4 9. Nbd2 Qd7 10. h3 Be6 11. Nc4 Bxc4 12. dxc4 Qe6 13. b3 g5 14. Qd2 0-0 15. Rad1 Ng6 16. Qd7 Qxd7 17. Rxd7 Rfc8 18. Rfd1 Nf8 19. R7d2 Ne6 20. Ne1 a6 21. Nd3 Rd8 22. Kf1 Kf8 23. Nc5 Nxc5 24. Rxd8+ 1-0

[Event "Hessenliga 1819"]
[Site "Hessen"]
[Date "2018.09.23"]
[Round "1.4"]
[White "Schnegelsberg, Karl Heinz"]
[Black "Kargoll, Herbert"]
[Result "1-0"]
[WhiteElo "2053"]
[BlackElo "2214"]
[PlyCount "53"]
[EventDate "2018.09.23"]
[EventType "team-tourn"]
[EventRounds "9"]
[EventCountry "GER"]
[SourceTitle "EXT 2020"]
[Source "ChessBase"]
[SourceDate "2019.10.17"]
[SourceVersion "1"]
[SourceVersionDate "2019.10.17"]
[SourceQuality "1"]
[WhiteTeam "Kassel"]
[BlackTeam "Bensheim"]
[WhiteTeamCountry "GER"]
[BlackTeamCountry "GER"]

1. Nf3 Nf6 2. g3 b6 3. Bg2 Bb7 4. 0-0 g6 5. d3 d5 6. Nbd2 Bg7 7. e4 dxe4 8. Ng5 0-0 9. Ndxe4 Nxe4 10. Nxe4 Nc6 11. c3 h6 12. d4 f5 13. Nc5 Qc8 14. Nxb7 Qxb7 15. Qb3+ Kh7 16. Bf4 Rab8 17. Rae1 e5 18. Bxe5 Na5 19. Bxg7 Nxb3 20. Bxf8 Qc8 21. Re7+ Kg8 22. Bxh6 c6 23. axb3 Rb7 24. Rfe1 Rxe7 25. Rxe7 a5 26. d5 Qd8 27. Bg5 1-0

[Event "WchT Seniors 50"]
[Site "Radebeul"]
[Date "2016.06.30"]
[Round "5.4"]
[White "Ross, Paul"]
[Black "Kargoll, Herbert"]
[Result "1/2-1/2"]
[WhiteElo "2282"]
[BlackElo "2185"]
[PlyCount "103"]
[EventDate "2016.06.26"]
[EventType "team-swiss"]
[EventRounds "9"]
[EventCountry "GER"]
[SourceTitle "CBM 173 Extra"]
[Source "ChessBase"]
[SourceDate "2016.08.29"]
[SourceVersion "1"]
[SourceVersionDate "2016.08.29"]
[SourceQuality "1"]
[WhiteTeam "Canada"]
[BlackTeam "Hessen Seniors"]
[WhiteTeamCountry "CAN"]
[BlackTeamCountry "GER"]

1. d4 Nf6 2. c4 e6 3. g3 c5 4. d5 exd5 5. cxd5 b5 6. Bg2 d6 7. Nh3 g6 8. b3 Bg7 9. Bb2 0-0 10. 0-0 a5 11. a4 bxa4 12. Rxa4 Bd7 13. Ra3 Re8 14. Nd2 Bb5 15. Re1 Na6 16. Nc4 Nb4 17. Nf4 Ra6 18. e4 a4 19. Nxd6 Rxd6 20. bxa4 Nfxd5 21. exd5 Rxe1+ 22. Qxe1 Bxb2 23. Rb3 Bxa4 24. Rxb2 g5 25. Rxb4 cxb4 26. Qxb4 Bc2 27. Qd2 Bf5 28. Ne2 Rb6 29. h3 Qf6 30. Nd4 Bd7 31. Kh2 h6 32. Bf3 Qe5 33. Kg2 f5 34. Nc6 Qf6 35. Qa5 Rb2 36. Qa8+ Qf8 37. Qa7 Qe8 38. Qd4 Rb1 39. Ne5 Re1 40. Nxd7 Qxd7 41. d6 Kh7 42. Qd5 Re8 43. Bh5 Rf8 44. Qe5 Rg8 45. Qe7+ Rg7 46. Qe5 Qc6+ 47. Bf3 Qd7 48. Bh5 Qb7+ 49. Bf3 Qc8 50. Bd5 Rg6 51. Qe7+ Rg7 52. Qe5 1/2-1/2

[Event "WchT Seniors 50"]
[Site "Radebeul"]
[Date "2016.06.29"]
[Round "4.4"]
[White "Kargoll, Herbert"]
[Black "Teuschler, Hugo"]
[Result "1-0"]
[WhiteElo "2185"]
[BlackElo "2033"]
[PlyCount "147"]
[EventDate "2016.06.26"]
[EventType "team-swiss"]
[EventRounds "9"]
[EventCountry "GER"]
[SourceTitle "CBM 173 Extra"]
[Source "ChessBase"]
[SourceDate "2016.08.29"]
[SourceVersion "1"]
[SourceVersionDate "2016.08.29"]
[SourceQuality "1"]
[WhiteTeam "Hessen Seniors"]
[BlackTeam "Graz"]
[WhiteTeamCountry "GER"]
[BlackTeamCountry "AUT"]

1. e4 c5 2. Nf3 d6 3. Bb5+ Bd7 4. Bxd7+ Qxd7 5. 0-0 Nc6 6. d4 cxd4 7. Nxd4 g6 8. Be3 Bg7 9. Nc3 Nf6 10. h3 0-0 11. Qd2 Rac8 12. Rad1 Rfd8 13. Rfe1 a6 14. Nxc6 Rxc6 15. Bh6 Bxh6 16. Qxh6 Qc7 17. Rd3 Re8 18. Rf3 Qa5 19. Re2 Rc5 20. Qf4 Rf8 21. a3 Rc4 22. Qd2 Rc7 23. Nd5 Qxd2 24. Nxf6+ exf6 25. Rxd2 Re8 26. Rxf6 Rxe4 27. Rfxd6 Kf8 28. f3 Re1+ 29. Kf2 Rc1 30. c3 Re7 31. Rb6 h5 32. h4 Kg7 33. Kg3 Rf1 34. Rc2 Rd1 35. c4 f5 36. c5 Rc7 37. c6 bxc6 38. Rxa6 c5 39. b4 c4 40. b5 Rb1 41. a4 f4+ 42. Kxf4 c3 43. Rc6 Rb4+ 44. Ke5 Re7+ 45. Kd6 Kf7 46. R2xc3 Rd4+ 47. Kc5 Rxa4 48. Rc4 Ra2 49. Rf4+ Kg7 50. g4 Re5+ 51. Kb6 Rb2 52. Rc7+ Kg8 53. Rc5 Re6+ 54. Kc7 hxg4 55. Rxg4 Rf6 56. Rc6 Rf7+ 57. Kb6 Rf5 58. Rc5 Rf6+ 59. Ka5 Ra2+ 60. Kb4 Rb2+ 61. Ka3 Rb1 62. Ka2 Rf1 63. h5 Rf2+ 64. Kb1 R6xf3 65. Rxg6+ Kf7 66. Rc7+ Kf8 67. Rb6 Rf1+ 68. Kb2 R1f2+ 69. Rc2 Rxc2+ 70. Kxc2 Rh3 71. h6 Ke8 72. h7 Kd7 73. Rb7+ Kc8 74. Rg7 1-0

[Event "GER-chT Seniors 24th"]
[Site "Berlin"]
[Date "2015.09.12"]
[Round "7.4"]
[White "Kargoll, Herbert"]
[Black "Kuenitz, Bernhard"]
[Result "1/2-1/2"]
[WhiteElo "2184"]
[BlackElo "1879"]
[PlyCount "50"]
[EventDate "2015.09.06"]
[EventType "team-swiss"]
[EventRounds "7"]
[EventCountry "GER"]
[SourceTitle "EXT 2018"]
[Source "ChessBase"]
[SourceDate "2017.10.13"]
[SourceVersion "1"]
[SourceVersionDate "2017.10.13"]
[SourceQuality "1"]

1. e4 e6 2. d4 d5 3. Nc3 g6 4. Nf3 Bg7 5. Bg5 f6 6. Be3 dxe4 7. Nxe4 Ne7 8. Bc4 Nd5 9. Qd2 Nc6 10. Bh6 Qe7 11. Bxg7 Qxg7 12. 0-0-0 Bd7 13. Rde1 0-0-0 14. Nc5 Rhe8 15. Re2 Kb8 16. Rhe1 Qf7 17. Bb5 e5 18. Bxc6 Bxc6 19. dxe5 Nb6 20. e6 Qe7 21. Nd3 Bb5 22. Qc3 Bxd3 23. cxd3 Rd6 24. Kb1 Red8 25. d4 Nd5 1/2-1/2

[Event "GER-chT Seniors 24th"]
[Site "Berlin"]
[Date "2015.09.10"]
[Round "5.4"]
[White "Kargoll, Herbert"]
[Black "Glienke, Manfred"]
[Result "1/2-1/2"]
[WhiteElo "2184"]
[BlackElo "2276"]
[PlyCount "60"]
[EventDate "2015.09.06"]
[EventType "team-swiss"]
[EventRounds "7"]
[EventCountry "GER"]
[SourceTitle "EXT 2018"]
[Source "ChessBase"]
[SourceDate "2017.10.13"]
[SourceVersion "1"]
[SourceVersionDate "2017.10.13"]
[SourceQuality "1"]
[WhiteTeam "Hessen Seniors"]
[BlackTeam "Berlin"]
[WhiteTeamCountry "GER"]
[BlackTeamCountry "GER"]

1. e4 c5 2. Nf3 Nc6 3. Bb5 Nf6 4. e5 Nd5 5. 0-0 g6 6. Nc3 Nc7 7. Bxc6 dxc6 8. Ne4 Ne6 9. Re1 Bg7 10. d3 0-0 11. c3 b6 12. Be3 Ba6 13. d4 Qd5 14. Neg5 Nxg5 15. Bxg5 f6 16. Bf4 cxd4 17. cxd4 Rad8 18. Qa4 Qb5 19. Qa3 Rfe8 20. Rad1 g5 21. exf6 exf6 22. Bd6 Qa5 23. Qxa5 bxa5 24. Bc5 Be2 25. Rd2 Bxf3 26. Rxe8+ Rxe8 27. gxf3 a6 28. Bb6 a4 29. Kf1 Rb8 30. Bc5 Bf8 1/2-1/2

[Event "Rheinland Pfalz op 5th"]
[Site "Worms"]
[Date "2013.06.02"]
[Round "7"]
[White "Kargoll, Herbert"]
[Black "Kappes, Dieter"]
[Result "1/2-1/2"]
[WhiteElo "2201"]
[BlackElo "1993"]
[PlyCount "86"]
[EventDate "2013.05.30"]
[EventType "swiss"]
[EventRounds "7"]
[EventCountry "GER"]
[SourceTitle "EXT 2014"]
[Source "ChessBase"]
[SourceDate "2013.11.20"]
[SourceVersion "1"]
[SourceVersionDate "2013.11.20"]
[SourceQuality "1"]

1. e4 c5 2. Nf3 d6 3. d4 cxd4 4. Nxd4 Nf6 5. Nc3 a6 6. a4 e6 7. Be3 b6 8. Bd3 Be7 9. 0-0 0-0 10. h3 Bb7 11. f4 Qc7 12. Qe2 Nbd7 13. Nb3 Nc5 14. Nxc5 dxc5 15. e5 Nd5 16. Nxd5 exd5 17. c4 dxc4 18. Bxc4 Qc6 19. f5 Kh8 20. b3 Qe4 21. f6 gxf6 22. exf6 Bd6 23. Bh6 Qxe2 24. Bxe2 Rfe8 25. Bc4 Kg8 26. Rad1 Rad8 27. Rfe1 Rxe1+ 28. Rxe1 Bc6 29. Bxa6 Bd5 30. Bc4 Bxc4 31. bxc4 Bg3 32. Rc1 Rd6 33. Bg5 h5 34. Kf1 Re6 35. Kg1 Kh7 36. Bd2 Rxf6 37. Rf1 Kg6 38. Rxf6+ Kxf6 39. Kf1 Ke5 40. Bc3+ Ke4 41. Ke2 Be5 42. Bxe5 Kxe5 43. Ke3 f6 1/2-1/2

[Event "Rheinland Pfalz op 5th"]
[Site "Worms"]
[Date "2013.06.01"]
[Round "6"]
[White "Esterluss, Johannes"]
[Black "Kargoll, Herbert"]
[Result "1/2-1/2"]
[WhiteElo "2052"]
[BlackElo "2201"]
[PlyCount "99"]
[EventDate "2013.05.30"]
[EventType "swiss"]
[EventRounds "7"]
[EventCountry "GER"]
[SourceTitle "EXT 2014"]
[Source "ChessBase"]
[SourceDate "2013.11.20"]
[SourceVersion "1"]
[SourceVersionDate "2013.11.20"]
[SourceQuality "1"]

1. c4 e5 2. g3 Nf6 3. Bg2 Nc6 4. Nc3 Bb4 5. e3 0-0 6. Nge2 Bxc3 7. Nxc3 Re8 8. d3 Ne7 9. Nd5 Nexd5 10. cxd5 c6 11. dxc6 bxc6 12. 0-0 Ba6 13. Re1 d5 14. b3 Qb6 15. Bb2 c5 16. Qd2 Rad8 17. Rab1 e4 18. d4 c4 19. bxc4 Bxc4 20. Bc3 Qa6 21. Rb2 Nd7 22. Ra1 Rb8 23. a4 Rxb2 24. Qxb2 Rb8 25. Qd2 Rb3 26. a5 Qb5 27. h3 Nb8 28. h4 Na6 29. Qe1 g6 30. Bh3 Bd3 31. Bg2 Nc7 32. Rc1 Ne8 33. Bh3 Nd6 34. Bg4 Nc4 35. Ra1 Na3 36. Bd1 Nc2 37. Bxc2 Bxc2 38. Rc1 Bd3 39. Qd2 h6 40. Re1 Kg7 41. Kg2 Ra3 42. Ra1 Rxa1 43. Bxa1 Qb1 44. Bc3 Qb5 45. Qb2 Qd7 46. Qb8 g5 47. hxg5 hxg5 48. Bb4 Be2 49. Qe5+ f6 50. Qe7+ 1/2-1/2

[Event "Rheinland Pfalz op 5th"]
[Site "Worms"]
[Date "2013.05.31"]
[Round "4"]
[White "Lanka, Zigurds"]
[Black "Kargoll, Herbert"]
[Result "1-0"]
[WhiteElo "2427"]
[BlackElo "2201"]
[PlyCount "145"]
[EventDate "2013.05.30"]
[EventType "swiss"]
[EventRounds "7"]
[EventCountry "GER"]
[SourceTitle "EXT 2014"]
[Source "ChessBase"]
[SourceDate "2013.11.20"]
[SourceVersion "1"]
[SourceVersionDate "2013.11.20"]
[SourceQuality "1"]

1. e4 e5 2. Nf3 Nc6 3. Bb5 Bc5 4. c3 Nf6 5. d3 d6 6. 0-0 0-0 7. h3 h6 8. Re1 a6 9. Ba4 b5 10. Bb3 Bb6 11. a4 Bd7 12. Nbd2 Nh5 13. axb5 axb5 14. Rxa8 Qxa8 15. Nf1 Qd8 16. d4 Qf6 17. Ne3 Nf4 18. Nd5 Nxd5 19. exd5 Na5 20. Bc2 Bf5 21. dxe5 dxe5 22. Rxe5 Bxc2 23. Qxc2 Nc4 24. Re1 Rd8 25. b3 Nd6 26. Ba3 Qf4 27. Qd3 Qg3 28. Qc2 Nf5 29. c4 bxc4 30. bxc4 Nd4 31. Nxd4 Qxa3 32. Nf5 Bc5 33. Kh2 Rb8 34. Re2 Kf8 35. g3 Qa1 36. Qe4 Qf6 37. Kg2 h5 38. Qf4 Rc8 39. g4 g6 40. Qh6+ Kg8 41. Ng3 hxg4 42. hxg4 Qd4 43. Ne4 Bf8 44. Qe3 Qxe3 45. Rxe3 Kg7 46. Rb3 Re8 47. Kf3 f5 48. gxf5 gxf5 49. Ng5 Bd6 50. Ne6+ Kf6 51. Rb7 Re7 52. c5 Be5 53. c6 Rh7 54. Nf8 Rh3+ 55. Kg2 Rh2+ 56. Kg1 Bd6 57. Ne6 Rh7 58. f4 Rh4 59. Kg2 Rg4+ 60. Kf3 Rh4 61. Ke3 Rh3+ 62. Kd4 Rf3 63. Kc4 Rf1 64. Ra7 Rc1+ 65. Kb3 Rb1+ 66. Kc3 Rc1+ 67. Kd2 Rc4 68. Kd3 Rb4 69. Nxc7 Bxf4 70. Ne8+ Ke5 71. c7 Rd4+ 72. Kc3 Bd2+ 73. Kc2 1-0

[Event "Hessenliga 0607"]
[Site "Germany"]
[Date "2007.03.11"]
[Round "8.2"]
[White "Blum, Gernot"]
[Black "Kargoll, Herbert"]
[Result "0-1"]
[WhiteElo "2192"]
[BlackElo "2192"]
[PlyCount "132"]
[EventDate "2006.09.17"]
[EventType "team-tourn"]
[EventRounds "9"]
[EventCountry "GER"]
[SourceTitle "EXT 2008"]
[Source "ChessBase"]
[SourceDate "2007.11.25"]
[SourceVersion "1"]
[SourceVersionDate "2007.11.25"]
[SourceQuality "1"]
[WhiteTeam "Oberursel II"]
[BlackTeam "Bensheim"]
[WhiteTeamCountry "GER"]
[BlackTeamCountry "GER"]

1. c4 e5 2. g3 Nf6 3. Bg2 Nc6 4. Nf3 d5 5. cxd5 Nxd5 6. d3 Bc5 7. 0-0 0-0 8. Nc3 Nxc3 9. bxc3 h6 10. a4 a5 11. Qb3 Ra6 12. Qc4 Qd6 13. Nd2 Be6 14. Qh4 Qd7 15. Ba3 Bxa3 16. Rxa3 f5 17. Raa1 e4 18. Rfd1 Ne5 19. d4 Nc4 20. Nxc4 Bxc4 21. Rd2 g5 22. Qh3 Rb6 23. e3 Kg7 24. Bf1 Qd5 25. Rc2 Bxf1 26. Qxf1 f4 27. Re1 Qb3 28. Rcc1 fxg3 29. hxg3 Rbf6 30. Re2 Qxa4 31. c4 Qd7 32. Qd1 Rf3 33. d5 Qf5 34. Qd4+ Kg6 35. Rcc2 h5 36. Kf1 Rxg3 37. Ke1 Rg2 38. d6 cxd6 39. Qxd6+ Rf6 40. Qb8 Rg1+ 41. Kd2 Qc5 42. Qg8+ Kf5 43. Rb2 Qd6+ 44. Qd5+ Qxd5+ 45. cxd5 b6 46. Kc3 Ke5 47. Rb5 Rd6 48. Reb2 h4 49. Rxb6 Rxd5 50. R2b5 Rc1+ 51. Kb2 Rcd1 52. Kc3 h3 53. Rxd5+ Kxd5 54. Rh6 g4 55. Rh4 Rf1 56. Rh5+ Kc6 57. Rh4 a4 58. Kb4 Ra1 59. Kc4 a3 60. Rh6+ Kd7 61. Rh4 a2 62. Kb3 Rf1 63. Kxa2 Rxf2+ 64. Kb3 Rg2 65. Kc4 h2 66. Kd4 g3 0-1

[Event "Hessenliga 0607"]
[Site "Germany"]
[Date "2007.02.11"]
[Round "7.3"]
[White "Duncker, Joachim"]
[Black "Kargoll, Herbert"]
[Result "1-0"]
[WhiteElo "2261"]
[BlackElo "2192"]
[PlyCount "67"]
[EventDate "2006.09.17"]
[EventType "team-tourn"]
[EventRounds "9"]
[EventCountry "GER"]
[SourceTitle "EXT 2008"]
[Source "ChessBase"]
[SourceDate "2007.11.25"]
[SourceVersion "1"]
[SourceVersionDate "2007.11.25"]
[SourceQuality "1"]
[WhiteTeam "Marburg"]
[BlackTeam "Bensheim"]
[WhiteTeamCountry "GER"]
[BlackTeamCountry "GER"]

1. e4 e6 2. d4 d5 3. exd5 exd5 4. Bd3 Nf6 5. h3 c5 6. dxc5 Bxc5 7. Nf3 0-0 8. 0-0 Ne4 9. Nc3 Bf5 10. Na4 Nd7 11. Nxc5 Ndxc5 12. Be2 Ne6 13. Nd4 Bg6 14. Bg4 Qd6 15. Be3 f5 16. Nxe6 Qxe6 17. Bf3 Rad8 18. Qd4 f4 19. Bc1 Ng5 20. Bg4 Qf6 21. Qxf6 Rxf6 22. g3 Bxc2 23. Bxf4 Nf7 24. Rac1 Rc6 25. Rfe1 d4 26. Re7 Kf8 27. Rce1 Nd6 28. Bf3 Rb6 29. Rc7 d3 30. Bd5 Ba4 31. b3 Be8 32. Bg5 Rd7 33. Rxd7 Bxd7 34. Be7+ 1-0

[Event "Hessenliga 0607"]
[Site "Germany"]
[Date "2006.11.12"]
[Round "4.2"]
[White "Kargoll, Herbert"]
[Black "Legde, Georg"]
[Result "0-1"]
[WhiteElo "2192"]
[BlackElo "2355"]
[PlyCount "54"]
[EventDate "2006.09.17"]
[EventType "team-tourn"]
[EventRounds "9"]
[EventCountry "GER"]
[SourceTitle "EXT 2008"]
[Source "ChessBase"]
[SourceDate "2007.11.25"]
[SourceVersion "1"]
[SourceVersionDate "2007.11.25"]
[SourceQuality "1"]
[WhiteTeam "Bensheim"]
[BlackTeam "Giessen"]
[WhiteTeamCountry "GER"]
[BlackTeamCountry "GER"]

1. e4 c5 2. Nf3 e6 3. b3 a6 4. Bb2 Nc6 5. g3 d5 6. e5 Nh6 7. Qe2 Nf5 8. Bh3 Be7 9. 0-0 0-0 10. d3 Bd7 11. c4 d4 12. g4 Nh4 13. Nxh4 Bxh4 14. Nd2 Qc7 15. f4 Be7 16. g5 Kh8 17. Rf3 f6 18. exf6 gxf6 19. Bxe6 Bxe6 20. Qxe6 fxg5 21. fxg5 Bxg5 22. Rxf8+ Rxf8 23. Nf1 Qf4 24. Qe2 Bh4 25. Bc1 Bf2+ 26. Kg2 Rg8+ 27. Ng3 Rxg3+ 0-1

[Event "Hessenliga 0506"]
[Site "Germany"]
[Date "2006.01.22"]
[Round "7.2"]
[White "Meinzer, Dieter"]
[Black "Kargoll, Herbert"]
[Result "0-1"]
[WhiteElo "2240"]
[BlackElo "2186"]
[PlyCount "126"]
[EventDate "2005.09.11"]
[EventType "team-tourn"]
[EventRounds "11"]
[EventCountry "GER"]
[SourceTitle "EXT 2007"]
[Source "ChessBase"]
[SourceDate "2006.11.23"]
[SourceVersion "1"]
[SourceVersionDate "2006.11.23"]
[SourceQuality "1"]
[WhiteTeam "Eppstein"]
[BlackTeam "Bensheim"]
[WhiteTeamCountry "GER"]
[BlackTeamCountry "GER"]

1. d4 e6 2. c4 f5 3. g3 Nf6 4. Bg2 d5 5. Nh3 Nc6 6. 0-0 Be7 7. Nc3 dxc4 8. Qa4 0-0 9. Bxc6 bxc6 10. Qxc4 Qe8 11. f3 Rb8 12. a3 Bd6 13. b4 Kh8 14. Bf4 Nd5 15. Nxd5 exd5 16. Qd3 Rb6 17. Rfe1 Ba6 18. Qd2 Qh5 19. Kg2 Re8 20. Rac1 Bb5 21. Rc3 Rbb8 22. Qc2 Re7 23. Bxd6 cxd6 24. Nf4 Qf7 25. h4 Rbe8 26. e3 Bc4 27. Kf2 Rb8 28. Rb1 Reb7 29. e4 fxe4 30. fxe4 Qf6 31. Rd1 a5 32. exd5 Bxd5 33. Kg1 Bg8 34. Rxc6 axb4 35. axb4 Rxb4 36. Rc8 Rxc8 37. Qxc8 Rxd4 38. Rf1 Rd2 39. Kh1 Qd4 40. Qe8 Qe5 41. Re1 Qb2 42. Re2 Qb1+ 43. Kh2 Rd1 44. Kh3 Qf5+ 45. Kh2 d5 46. h5 d4 47. Rf2 Qb1 48. Kh3 Re1 49. Qf8 Qb5 50. Qd8 Qf5+ 51. Kh2 Qe4 52. Kh3 Re3 53. h6 Qf5+ 54. Kh2 Qg4 55. hxg7+ Qxg7 56. Nh5 Qe5 57. Qh4 Re2 58. Rxe2 Qxe2+ 59. Kh3 Be6+ 60. g4 Qf1+ 61. Kg3 Qe1+ 62. Kh3 Qxh4+ 63. Kxh4 d3 0-1

[Event "Hessenliga 0506"]
[Site "Germany"]
[Date "2005.12.18"]
[Round "6.1"]
[White "Barth, Andreas"]
[Black "Kargoll, Herbert"]
[Result "1-0"]
[WhiteElo "2212"]
[BlackElo "2186"]
[PlyCount "59"]
[EventDate "2005.09.11"]
[EventType "team-tourn"]
[EventRounds "11"]
[EventCountry "GER"]
[SourceTitle "EXT 2007"]
[Source "ChessBase"]
[SourceDate "2006.11.23"]
[SourceVersion "1"]
[SourceVersionDate "2006.11.23"]
[SourceQuality "1"]
[WhiteTeam "Biebertal"]
[BlackTeam "Bensheim"]
[WhiteTeamCountry "GER"]
[BlackTeamCountry "GER"]

1. Nf3 Nf6 2. c4 e6 3. b3 b6 4. g3 Bb7 5. Bg2 d5 6. e3 Nbd7 7. Bb2 Bd6 8. 0-0 dxc4 9. bxc4 0-0 10. d3 Rb8 11. Nc3 Bb4 12. Qc2 Re8 13. Rad1 e5 14. Ne1 Bxg2 15. Nxg2 Bxc3 16. Qxc3 c5 17. f4 Qc7 18. Rd2 Re7 19. Ba1 Rbe8 20. h3 exf4 21. gxf4 Nf8 22. Qc1 Qc6 23. e4 Nh5 24. Ne3 Ne6 25. Nd5 Rd7 26. Rg2 Nd4 27. Bxd4 cxd4 28. e5 Qe6 29. Qd1 Qxh3 30. Qxh5 1-0

[Event "Hessenliga 0304"]
[Site "Germany"]
[Date "2004.03.14"]
[Round "8.2"]
[White "Kargoll, Herbert"]
[Black "Duncker, Joachim"]
[Result "1/2-1/2"]
[WhiteElo "2221"]
[BlackElo "2256"]
[PlyCount "145"]
[EventDate "2003.10.??"]
[EventType "team-tourn"]
[EventRounds "9"]
[EventCountry "GER"]
[SourceTitle "EXT 2005"]
[Source "ChessBase"]
[SourceDate "2004.11.15"]
[SourceVersion "1"]
[SourceVersionDate "2004.11.15"]
[SourceQuality "1"]
[WhiteTeam "Bensheim"]
[BlackTeam "Marburg"]
[WhiteTeamCountry "GER"]
[BlackTeamCountry "GER"]

1. e4 d5 2. exd5 Qxd5 3. Nc3 Qa5 4. d4 c6 5. Nf3 Nf6 6. Bc4 Bf5 7. Qe2 e6 8. Ne5 Nbd7 9. Nxd7 Nxd7 10. 0-0 Nb6 11. Bb3 0-0-0 12. Rd1 Bg6 13. Ne4 Qh5 14. f3 Bxe4 15. Qxe4 Bd6 16. Bf4 Bxf4 17. Qxf4 Nd5 18. Qe4 Qg5 19. Qe5 Qe3+ 20. Qxe3 Nxe3 21. Rd3 Nf5 22. Rad1 Rd7 23. g4 Nh4 24. Kf2 g5 25. c4 Ng6 26. Ke3 Rhd8 27. R3d2 Nf4 28. Bc2 Kc7 29. h4 h6 30. hxg5 hxg5 31. Rh1 b6 32. Rhh2 a6 33. Be4 Rf8 34. Rh6 Rfd8 35. Rh7 Rf8 36. Rh6 Re8 37. Rf6 Rh8 38. d5 exd5 39. cxd5 cxd5 40. Rc2+ Kb7 41. Bf5 d4+ 42. Kd2 Rh2+ 43. Kd1 Rh1+ 44. Kd2 Rh2+ 45. Kd1 Rxc2 46. Kxc2 d3+ 47. Kd2 Rc7 48. Be4+ Kc8 49. Ke3 Rc2 50. Rc6+ Rxc6 51. Bxc6 Kc7 52. Be4 Kd6 53. b4 Ke5 54. a3 a5 55. bxa5 bxa5 56. Bxd3 Nd5+ 57. Kd2 Kd4 58. Bb5 Nc3 59. Bd3 Na4 60. Bh7 Nb6 61. Kc2 a4 62. Bg8 Nc4 63. Bxf7 Nxa3+ 64. Kb2 Nc4+ 65. Ka2 Ne5 66. Be6 Ke3 67. Ka3 Kxf3 68. Kxa4 Nxg4 69. Kb4 Nh6 70. Kc3 Kf4 71. Kd2 Nf5 72. Ke1 Ke5 73. Bd7 1/2-1/2

[Event "Hessenliga 0304"]
[Site "Germany"]
[Date "2004.01.25"]
[Round "5.1"]
[White "Jakel, Wolfgang"]
[Black "Kargoll, Herbert"]
[Result "1/2-1/2"]
[WhiteElo "2247"]
[BlackElo "2221"]
[PlyCount "60"]
[EventDate "2003.10.??"]
[EventType "team-tourn"]
[EventRounds "9"]
[EventCountry "GER"]
[SourceTitle "EXT 2005"]
[Source "ChessBase"]
[SourceDate "2004.11.15"]
[SourceVersion "1"]
[SourceVersionDate "2004.11.15"]
[SourceQuality "1"]
[WhiteTeam "Offenbach II"]
[BlackTeam "Bensheim"]
[WhiteTeamCountry "GER"]
[BlackTeamCountry "GER"]

1. e4 e5 2. Nf3 Nc6 3. Bb5 Nge7 4. 0-0 g6 5. c3 Bg7 6. d4 exd4 7. cxd4 d5 8. exd5 Nxd5 9. Re1+ Be6 10. Ne5 Qd6 11. Nd2 Nde7 12. Ne4 Qb4 13. Bxc6+ bxc6 14. Bg5 Nd5 15. Nxc6 Qb6 16. Rc1 h6 17. Bh4 0-0 18. b3 Rae8 19. Nc5 Bg4 20. Qxg4 Rxe1+ 21. Rxe1 Qxc6 22. Qd7 Qa8 23. Rd1 Re8 24. Kf1 g5 25. Bg3 Re7 26. Qf5 Nc3 27. Rd3 Nxa2 28. Re3 Qd8 29. Rxe7 Qxe7 30. Qc8+ Kh7 1/2-1/2

[Event "Hessenliga 0304"]
[Site "Germany"]
[Date "2003.12.07"]
[Round "4.2"]
[White "Wahedi, Ahmad Siar"]
[Black "Kargoll, Herbert"]
[Result "1-0"]
[WhiteElo "2192"]
[BlackElo "2221"]
[PlyCount "77"]
[EventDate "2003.10.??"]
[EventType "team-tourn"]
[EventRounds "9"]
[EventCountry "GER"]
[SourceTitle "EXT 2005"]
[Source "ChessBase"]
[SourceDate "2004.11.15"]
[SourceVersion "1"]
[SourceVersionDate "2004.11.15"]
[SourceQuality "1"]
[WhiteTeam "Steinbach"]
[BlackTeam "Bensheim"]
[WhiteTeamCountry "GER"]
[BlackTeamCountry "GER"]

1. e4 e6 2. d4 d5 3. Nc3 Bb4 4. exd5 exd5 5. Qf3 Be6 6. Bf4 Ne7 7. g4 Ng6 8. Bg3 Qd7 9. h3 0-0 10. 0-0-0 f5 11. gxf5 Rxf5 12. Qe3 Nc6 13. Bd3 Rf6 14. Nf3 Bxc3 15. bxc3 Na5 16. Ne5 Qa4 17. Nxg6 Qa3+ 18. Kd2 Rxg6 19. Bxc7 b6 20. Rhg1 Bf7 21. Rde1 Qxa2 22. Rxg6 hxg6 23. Qg3 Nc4+ 24. Bxc4 Qxc4 25. h4 Qc6 26. Be5 a5 27. h5 Ra7 28. Qg5 Be8 29. h6 gxh6 30. Qxh6 Rh7 31. Qg5 b5 32. Qd8 Qd7 33. Qxa5 Qf5 34. Bd6 Qd7 35. Qa8 Qxd6 36. Qxe8+ Kg7 37. Re7+ Kh6 38. Qf8+ Kg5 39. Re5+ 1-0

[Event "Hessenliga 0203"]
[Site "Germany"]
[Date "2003.01.19"]
[Round "5.2"]
[White "Mai, Philipp"]
[Black "Kargoll, Herbert"]
[Result "0-1"]
[WhiteElo "2290"]
[BlackElo "2219"]
[PlyCount "84"]
[EventDate "2002.10.??"]
[EventType "team-tourn"]
[EventRounds "9"]
[EventCountry "GER"]
[SourceTitle "EXT 2004"]
[Source "ChessBase"]
[SourceDate "2003.11.25"]
[SourceVersion "1"]
[SourceVersionDate "2003.11.25"]
[SourceQuality "1"]
[WhiteTeam "Baunatal"]
[BlackTeam "Bensheim"]
[WhiteTeamCountry "GER"]
[BlackTeamCountry "GER"]

1. e4 e5 2. Nf3 Nc6 3. Bb5 Nge7 4. 0-0 g6 5. c3 Bg7 6. d4 0-0 7. d5 a6 8. Bc4 Na5 9. Bd3 b6 10. c4 c5 11. Nc3 d6 12. a3 Qc7 13. b4 cxb4 14. axb4 Nb7 15. Qb3 Bd7 16. Bg5 f6 17. Be3 Rfb8 18. Na4 Nc8 19. Rfc1 Qd8 20. Qc2 Bf8 21. Nxb6 Nxb6 22. c5 dxc5 23. bxc5 Nxc5 24. Bxc5 Rc8 25. d6 Be6 26. Bxa6 Nd7 27. Bxc8 Rxc8 28. Rd1 Nxc5 29. Ra7 Qb6 30. Rda1 Qxd6 31. Qe2 Nb3 32. Rd1 Rc1 33. Rxc1 Nxc1 34. Qf1 Qc5 35. Ra8 Qc2 36. Kh1 Bc4 37. Qe1 Nd3 38. Qd2 Qb1+ 39. Ng1 Qb7 40. Ra4 Qc6 41. Ra1 Qxe4 42. Nh3 Be6 0-1